000 01035nam a22002417a 4500
005 20160307090513.0
008 160307b2011 cl abdogr|||| 00| 0 spa d
020 _a9789567204410
040 _aCO-BoIAVH
_cCO-BoIAVH
041 0 _aspa
044 _ack
082 0 4 _a333.707
_bC53i
110 1 _aChile
_b Ministerio del Medio Ambiente
245 1 0 _aInforme del estado del medio ambiente
_bresumen ejecutivo 2011
260 _aSantiago (Chile) :
_bChile, Ministerio del Medio Ambiente,
_c2012.
300 _a44 páginas :
_bilustraciones a color, mapas, tablas, gráficas y fotografías a color ;
_c27 x 20 centímetros
504 _aIncluye referencias bibliográficas: páginas 42-44.
650 6 _aMedio ambiente
_vinformes, reportes, etc.
_zChile
650 6 _aRecursos naturales
_vinformes, reportes, etc.
_zChile
650 4 _aEstado del medio ambiente
_vinformes, reportes, etc.
_zChile
650 4 _aEstado de los recursos naturales
_vinformes, reportes, etc.
_zChile
942 _2ddc
_cLIBRO
999 _c18203
_d18203